|
|
|
|
| LEADER |
00000nab a2200000 a 4500 |
| 001 |
vtls000218664 |
| 003 |
SK-MaSNL |
| 005 |
20260302204317.0 |
| 008 |
111130c1985 xo 0 slo |
| 015 |
|
|
|a SNBRB19rr/mm-uuuuu
|
| 035 |
|
|
|a CL0228778
|
| 040 |
|
|
|a SNKBUCL
|b slo
|c SNKBUCL
|e AACR2
|
| 041 |
0 |
|
|a slo
|
| 044 |
|
|
|a xo
|c SK
|
| 080 |
|
|
|a 631.115.7
|2 1981
|
| 100 |
1 |
|
|a Gál, Mikuláš
|4 aut
|9 265604
|
| 245 |
1 |
0 |
|a Dlhá, ale úspešná cesta
|b Štátny majetok v Želiezovciach má 40 rokov
|c Mikuláš Gál
|
| 650 |
0 |
7 |
|a Štátny majetok, Želiezovce
|2 snkbucl
|9 928672
|
| 651 |
|
7 |
|a 5205
|2 snkbucl
|9 276526
|
| 655 |
|
7 |
|a články z novín a časopisov
|2 snkbucl
|9 267496
|
| 773 |
0 |
|
|t Roľnícke noviny
|g Roč. 40, č. 131 (7. 6. 1985), s. 3
|
| 850 |
|
|
|a Slovenská národná knižnica v Martine
|a MTA001
|
| 852 |
|
|
|a SNK
|b KIS3GCP
|
| 958 |
|
|
|a RK
|
| 992 |
|
|
|a RBX
|
| 999 |
|
|
|c 1472811
|d 1474741
|